000 00448nam a2200193Ia 4500
005 20240823015610.0
008 240823s9999||||xx |||||||||||||| ||und||
020 _a81-7684-288-5
041 _aENGLISH
082 _A624 P5
100 _aHanda M
245 0 _aGATE CIVIL Civil Engineering
250 _a25th
260 _c2005
_b"Satya Prakashan,New "
500 _aTRANSFERED
650 _aCIVIL
_bCivil
942 _cBK
999 _c172798
_d172798